Global warming and energy demand

Αποθηκεύτηκε σε:
Λεπτομέρειες βιβλιογραφικής εγγραφής
Άλλοι συγγραφείς: Barker, Terry (Επιμελητής έκδοσης), Ekins, Paul, Johnstone, Nick 1965- (Επιμελητής έκδοσης)
Μορφή: Βιβλίο
Γλώσσα:English
Δημοσίευση: London : Routledge, 1995
Σειρά:Global environmental change series
Θέματα:
Ετικέτες: Προσθήκη ετικέτας
Δεν υπάρχουν, Καταχωρήστε ετικέτα πρώτοι!

MARC

LEADER 00000nam a2200000 i 4500
001 1/94821
008 081001s1995 eng d
020 |a 0-415-10980-9 
035 |l 10100583 
040 |a GR-MY-UA  |b gre  |e aacr 
041 0 |a eng 
082 0 |a 363.7387  |2 (22) 
245 1 0 |a Global warming and energy demand /  |c edited by Terry Barker, Paul Ekins and Nick Johnstone ; foreword by Sir John Houghton 
260 |a London :   |b Routledge,   |c 1995 
300 |a xiv, 336 σ.;  |b πίν., διαγρ.;  |c 24 εκ. 
490 1 |a Global environmental change series 
504 |a Βιβλιογραφία: σ. 314-326 
504 |a Ευρετήριο: σ. 327-336 
650 0 0 |a Global warming  |x Economic aspects. 
650 0 0 |a Energy consumption. 
650 0 0 |a Elasticity (Economics) 
650 0 0 |a Energy industries. 
650 0 0 |a Greenhouse gases  |x Economic aspects. 
700 1 |a Barker, Terry.  |4 edt 
700 1 |a Ekins, Paul. 
700 1 |a Johnstone, Nick  |d 1965-  |4 edt 
830 0 |a Global environmental change series 
852 |a INST  |b LESVOS  |e 20081001  |h 363.7387 GLO  |p 005100042946  |q 005100042946  |t BK  |y 0 
901 |a BIBL1-2008-3 
909 |a Λ  |b 143924 
922 |a 1ΕΛΗ  |b 200801  |c ΕΠΕΑΕΚ2/ΤΠ  |d ΠΑΠΑΣΩΤΗΡΙΟΥ 
970 |a ΧΑΤΖΗΜΙΧΑΗΛ  |b ΜΑΡΙΑ  |z 2008/10/01